| 000 | 005340000a22001810004500 | ||
|---|---|---|---|
| 003 | MACL | ||
| 005 | 20160128153227.0 | ||
| 008 | 160128b xxu||||| |||| 00| 0 eng d | ||
| 040 |
_aMACL _cMACL |
||
| 041 | _aHindi | ||
| 082 | _a954/VED | ||
| 100 |
_aडॉ प्रशान्त वेदालंकार _934771 |
||
| 245 | _aभारतीय इतिहास | ||
| 260 |
_bअरविन्द बुक हाउस _aजयपुर |
||
| 350 | _a150 | ||
| 650 |
_aHistory _934966 |
||
| 942 |
_cHIN _k654/ VED _2ddc |
||
| 999 |
_c30486 _d30486 |
||